000 00865 a2200205 4500
003 Nust
005 20230608140836.0
010 _a 74002488
020 _a0884050300
040 _cNust
082 0 0 _a006.3,JAC
100 1 _aJackson, Philip C.,
_994031
245 1 0 _aIntroduction to artificial intelligence /
_c[by] Philip C. Jackson, Jr.
250 _a1st ed.
260 _aNew York,
_bPetrocelli Books,
_c1974.
300 _axv, 453 p.
_billus.
_c25 cm.
505 _aIntroduction (Page-1), Mathematics, Phenomena , Machines (Page-33), Problem Solving (Page-67), Game Playing (Page-117), Pattern Perception (Page-169), Theorem Proving (Page-215), Semantic Information Processing (Page-273), Parallel Processing and Evolutionary Systems (Page-343), TehHarvest of Artificial Intelligence (Page-387).
650 0 _aArtificial intelligence.
942 _2ddc
_cBK
999 _c193390
_d193390